| 000 | 00529nam a22001817a 4500 | ||
|---|---|---|---|
| 003 | NUST-PNEC | ||
| 005 | 20170116180744.0 | ||
| 008 | 150115b xxu||||| |||| 00| 0 eng d | ||
| 020 | _a9698383050 | ||
| 040 | _cPNEC | ||
| 082 | _a153.94 PBP | ||
| 100 |
_91221 _aPBP (Professional Business Publications) |
||
| 245 | _aCA Exams study text : Foundation examination-1 paper 3.2 economics | ||
| 260 |
_aLahore : _bProfessional Business Publications, _cc1996. |
||
| 300 |
_a527 p. : _c30 cm. |
||
| 650 | _xGeneral | ||
| 942 |
_2ddc _cBK |
||
| 999 |
_c62305 _d62305 |
||